[Event "Regionalliga SW 0910"]
[Site "Bayern"]
[Date "2010.04.11"]
[Round "9.4"]
[White "Kunze, Holger"]
[Black "Uhlmann, Erik"]
[Result "1-0"]
[WhiteElo "2118"]
[BlackElo "1968"]
[PlyCount "128"]
[EventDate "2009.10.18"]
[EventType "team-tourn"]
[EventRounds "9"]
[EventCountry "GER"]
[SourceTitle "EXT 2011"]
[Source "ChessBase"]
[SourceDate "2010.11.26"]
[SourceVersion "1"]
[SourceVersionDate "2010.11.26"]
[SourceQuality "1"]
[WhiteTeam "Bayern Muenchen III"]
[BlackTeam "Muenchen Schwabing"]
[WhiteTeamCountry "GER"]
[BlackTeamCountry "GER"]

1. Nf3 d5 2. d4 c5 3. Nc3 Nf6 4. Bg5 e6 5. e4 Be7 6. exd5 exd5 7. Be2 Nc6 8. 0-0 0-0 9. dxc5 Be6 10. Nd4 Bxc5 11. Nxe6 fxe6 12. Bg4 Qd7 13. Bh3 Qf7 14. Qd3 h6 15. Rae1 Rae8 16. Be3 Bxe3 17. fxe3 Qh5 18. Nb5 Qe5 19. Nd4 Ne4 20. Rxf8+ Kxf8 21. Qa3+ Kg8 22. c3 Nxd4 23. cxd4 Qc7 24. Qa4 Re7 25. Qxa7 Kh7 26. Qa4 h5 27. Qd1 g6 28. g3 Kg7 29. Bg2 Ng5 30. Rf1 Qc4 31. a3 Rc7 32. h4 Nh7 33. Qf3 Qc2 34. Qf4 Re7 35. Qe5+ Kh6 36. Rf2 Qc7 37. Qxc7 Rxc7 38. Bh3 Re7 39. g4 hxg4 40. Bxg4 Kg7 41. Rc2 g5 42. hxg5 Nxg5 43. Kg2 Ne4 44. Bf3 Nd6 45. Kf2 Kf6 46. Ke2 Rh7 47. Kd3 Rh3 48. Rf2 Ke7 49. b3 Rg3 50. a4 Nf5 51. e4 dxe4+ 52. Kxe4 Rg1 53. Kd3 b6 54. Kc3 Kd6 55. Be4 Rg3+ 56. Kc4 Ne3+ 57. Kb5 Nd1 58. Rf3 Nc3+ 59. Kxb6 Nxe4 60. Rxg3 Nxg3 61. a5 Ne2 62. a6 Nxd4 63. a7 Nxb3 64. a8Q Nd4 1-0

[Event "Regionalliga SW 0708"]
[Site "Bayern"]
[Date "2008.01.20"]
[Round "5.8"]
[White "Getfert, Harald"]
[Black "Uhlmann, Erik"]
[Result "0-1"]
[WhiteElo "1860"]
[BlackElo "1919"]
[PlyCount "82"]
[EventDate "2007.10.21"]
[EventType "team-tourn"]
[EventRounds "9"]
[EventCountry "GER"]
[SourceTitle "EXT 2009"]
[Source "ChessBase"]
[SourceDate "2008.11.26"]
[SourceVersion "1"]
[SourceVersionDate "2008.11.26"]
[SourceQuality "1"]
[WhiteTeam "Muenchen Siemens"]
[BlackTeam "Muenchen Schwabing"]
[WhiteTeamCountry "GER"]
[BlackTeamCountry "GER"]

1. e4 d5 2. exd5 Qxd5 3. Nc3 Qa5 4. d4 Nf6 5. Bd2 c6 6. Bd3 Qb6 7. Nge2 Bg4 8. f3 Bh5 9. Qc1 e6 10. Be3 Qc7 11. Nf4 Bg6 12. Ne4 Nbd7 13. c3 Nd5 14. Nxd5 cxd5 15. Nf2 Bd6 16. f4 Bxd3 17. Nxd3 Nf6 18. Nf2 b5 19. Qd2 Rb8 20. a3 0-0 21. 0-0 a5 22. g3 Rfc8 23. Rfc1 Qc4 24. Qd1 Rc7 25. Kg2 Rbc8 26. Bd2 Nd7 27. Ng4 Nb6 28. Be1 b4 29. axb4 axb4 30. Ne3 Qb5 31. cxb4 Bxb4 32. Rxc7 Rxc7 33. Bxb4 Qxb4 34. Rc1 Qxb2+ 35. Rc2 Rxc2+ 36. Nxc2 Nc4 37. Kh3 h6 38. Ne1 Qf2 39. Nf3 Ne3 40. Nh4 g5 41. Qb1 g4# 0-1

[Event "Regionalliga SW 0708"]
[Site "Bayern"]
[Date "2007.12.09"]
[Round "4.5"]
[White "Tudosa, Daniel"]
[Black "Uhlmann, Erik"]
[Result "1-0"]
[WhiteElo "2014"]
[BlackElo "1894"]
[PlyCount "57"]
[EventDate "2007.10.21"]
[EventType "team-tourn"]
[EventRounds "9"]
[EventCountry "GER"]
[SourceTitle "EXT 2009"]
[Source "ChessBase"]
[SourceDate "2008.11.26"]
[SourceVersion "1"]
[SourceVersionDate "2008.11.26"]
[SourceQuality "1"]
[WhiteTeam "Tuerkheim"]
[BlackTeam "Muenchen Schwabing"]
[WhiteTeamCountry "GER"]
[BlackTeamCountry "GER"]

1. d4 Nf6 2. Nf3 g6 3. g3 Bg7 4. Bg2 c6 5. 0-0 0-0 6. c4 d5 7. Nc3 a5 8. cxd5 Nxd5 9. e4 Nb6 10. h3 a4 11. Bf4 Be6 12. Qc1 Qc8 13. Kh2 Bc4 14. Rd1 N8d7 15. Bh6 Qb8 16. Bxg7 Kxg7 17. Qe3 Qd6 18. Rab1 Qb4 19. Nd2 Rfd8 20. f4 f6 21. Nf3 Bg8 22. Nd2 Nf8 23. d5 cxd5 24. exd5 Bxd5 25. a3 Qa5 26. Qxe7+ Bf7 27. Nde4 Nfd7 28. Nd6 Rf8 29. Nxb7 1-0

[Event "Regionalliga SW 0708"]
[Site "Bayern"]
[Date "2007.11.04"]
[Round "2.7"]
[White "Demir, Bilal"]
[Black "Uhlmann, Erik"]
[Result "1-0"]
[WhiteElo "1990"]
[BlackElo "1894"]
[PlyCount "85"]
[EventDate "2007.10.21"]
[EventType "team-tourn"]
[EventRounds "9"]
[EventCountry "GER"]
[SourceTitle "EXT 2009"]
[Source "ChessBase"]
[SourceDate "2008.11.26"]
[SourceVersion "1"]
[SourceVersionDate "2008.11.26"]
[SourceQuality "1"]
[WhiteTeam "Unterhaching"]
[BlackTeam "Muenchen Schwabing"]
[WhiteTeamCountry "GER"]
[BlackTeamCountry "GER"]

1. d4 c5 2. d5 d6 3. e4 Nf6 4. Nc3 g6 5. f4 Bg7 6. Bb5+ Nfd7 7. a4 0-0 8. Nf3 Na6 9. 0-0 Nc7 10. Be2 Nf6 11. h3 e6 12. Be3 exd5 13. exd5 Re8 14. Bf2 a6 15. Bh4 b6 16. Nd2 Qd7 17. Bf3 b5 18. axb5 axb5 19. Rxa8 Nxa8 20. Nde4 Nxe4 21. Nxe4 Bd4+ 22. Qxd4 cxd4 23. Nf6+ Kf8 24. Nxd7+ Bxd7 25. Bf6 Bf5 26. Bxd4 Be4 27. Bc3 f5 28. Bb4 Ke7 29. Re1 Kd7 30. Bxe4 fxe4 31. Ba5 Rc8 32. c3 Rc5 33. Rd1 Nc7 34. Bxc7 Kxc7 35. Rd4 b4 36. Rxb4 Rxd5 37. Rxe4 Rd2 38. Re7+ Kc6 39. Rxh7 Rxb2 40. Rg7 Rc2 41. Rxg6 Rxc3 42. Kf2 Kd5 43. h4 1-0

[Event "Landesliga Sued 0506"]
[Site "Bayern"]
[Date "2006.01.29"]
[Round "6.5"]
[White "Uhlmann, Erik"]
[Black "Hartmann, Wolfram"]
[Result "0-1"]
[WhiteElo "1993"]
[BlackElo "2133"]
[PlyCount "100"]
[EventDate "2005.10.23"]
[EventType "team-tourn"]
[EventRounds "9"]
[EventCountry "GER"]
[SourceTitle "EXT 2007"]
[Source "ChessBase"]
[SourceDate "2006.11.23"]
[SourceVersion "1"]
[SourceVersionDate "2006.11.23"]
[SourceQuality "1"]
[WhiteTeam "Schwabing SG Nord"]
[BlackTeam "Ingolstadt"]
[WhiteTeamCountry "GER"]
[BlackTeamCountry "GER"]

1. e4 c5 2. Nf3 d6 3. d4 cxd4 4. Nxd4 Nf6 5. Nc3 Nc6 6. Be2 e6 7. Be3 Be7 8. 0-0 0-0 9. Kh1 e5 10. Nb3 a5 11. Nd5 Nxe4 12. Bb6 Qd7 13. Bb5 Bd8 14. Nd2 Nf6 15. Nc4 Nxd5 16. Qxd5 Ne7 17. Bxd7 Nxd5 18. Bxd8 Rxd8 19. Bb5 Be6 20. a4 Nb4 21. Nb6 Rab8 22. c3 Nc6 23. Rfd1 d5 24. Rd2 d4 25. Re1 dxc3 26. Rxd8+ Rxd8 27. bxc3 Rd2 28. Kg1 f5 29. f3 e4 30. fxe4 f4 31. e5 Rc2 32. c4 g5 33. Nd5 Kf7 34. h4 h6 35. hxg5 hxg5 36. Kf1 Nd4 37. Rd1 Nf5 38. Kg1 Nh4 39. Nc7 Rxg2+ 40. Kf1 Bh3 41. e6+ Bxe6 42. Be8+ Kf8 43. Nxe6+ Kxe8 44. Rd5 g4 45. Nxf4 Rc2 46. Re5+ Kd7 47. Nd5 g3 48. Re7+ Kd6 49. Rg7 g2+ 50. Kg1 Nf3# 0-1

[Event "Landesliga Sued 0506"]
[Site "Bayern"]
[Date "2006.01.15"]
[Round "5.5"]
[White "Boehm, Uwe"]
[Black "Uhlmann, Erik"]
[Result "1-0"]
[WhiteElo "2131"]
[BlackElo "1993"]
[PlyCount "95"]
[EventDate "2005.10.23"]
[EventType "team-tourn"]
[EventRounds "9"]
[EventCountry "GER"]
[SourceTitle "EXT 2007"]
[Source "ChessBase"]
[SourceDate "2006.11.23"]
[SourceVersion "1"]
[SourceVersionDate "2006.11.23"]
[SourceQuality "1"]
[WhiteTeam "Muenchen Siemens"]
[BlackTeam "Schwabing SG Nord"]
[WhiteTeamCountry "GER"]
[BlackTeamCountry "GER"]

1. e4 c5 2. c3 d5 3. exd5 Qxd5 4. d4 Nc6 5. Nf3 Bg4 6. Be2 e6 7. h3 Bh5 8. c4 Qd8 9. d5 Bxf3 10. Bxf3 exd5 11. cxd5 Nd4 12. 0-0 Nf6 13. Nc3 Be7 14. Be3 Nf5 15. Bf4 0-0 16. Qd3 Nd6 17. Rad1 Qd7 18. Rfe1 Rfe8 19. Re2 Bf8 20. Be5 Be7 21. b3 Rf8 22. Ne4 Nfxe4 23. Bxe4 Nxe4 24. Rxe4 Bd6 25. Qg3 Bxe5 26. Rxe5 Rfe8 27. d6 Rxe5 28. Qxe5 b6 29. Re1 Kf8 30. Qd5 Re8 31. Rxe8+ Kxe8 32. Qa8+ Qd8 33. Qe4+ Kd7 34. Qxh7 Qf6 35. Qg8 Kxd6 36. Qb8+ Kc6 37. Qxa7 Qa1+ 38. Kh2 Qe5+ 39. g3 Qf6 40. Kg2 Kd5 41. Qd7+ Ke4 42. h4 Qf3+ 43. Kg1 Qf6 44. Qd1 g6 45. Kg2 Qb2 46. Qf3+ Ke5 47. Qxf7 Qxa2 48. Qc7+ 1-0

[Event "Landesliga Sued 0405"]
[Site "Bayern"]
[Date "2005.01.30"]
[Round "6.8"]
[White "Uhlmann, Erik"]
[Black "Gerstner, Bernhard"]
[Result "1-0"]
[WhiteElo "1985"]
[BlackElo "2085"]
[PlyCount "107"]
[EventDate "2004.10.24"]
[EventType "team-tourn"]
[EventRounds "9"]
[EventCountry "GER"]
[SourceTitle "EXT 2007"]
[Source "ChessBase"]
[SourceDate "2006.11.23"]
[SourceVersion "1"]
[SourceVersionDate "2006.11.23"]
[SourceQuality "1"]
[WhiteTeam "Muenchen Schwabing/Nord"]
[BlackTeam "Ingolstadt"]
[WhiteTeamCountry "GER"]
[BlackTeamCountry "GER"]

1. e4 e5 2. Nf3 Nc6 3. d4 exd4 4. Nxd4 Nf6 5. Nxc6 bxc6 6. e5 Qe7 7. Qe2 Nd5 8. g3 a5 9. Nd2 Ba6 10. c4 Nb6 11. Qe4 Qe6 12. a3 a4 13. Bd3 g6 14. 0-0 Bg7 15. Re1 0-0 16. Qh4 d5 17. Nf3 f6 18. cxd5 cxd5 19. Bxa6 Rxa6 20. Nd4 Qe7 21. Nc6 Qd7 22. Nb4 Raa8 23. e6 Qb5 24. e7 Rfe8 25. Qd4 f5 26. Qh4 c5 27. Nc2 Qc4 28. Re6 Qxh4 29. gxh4 Nc4 30. Bg5 Kf7 31. Rae1 Ra7 32. h5 gxh5 33. R1e2 d4 34. Ne1 h6 35. Bh4 Rd7 36. Nd3 Rd5 37. Kh1 Na5 38. Nf4 Rd7 39. Ra6 Nb3 40. Nd3 c4 41. Ne5+ Bxe5 42. Rxe5 d3 43. Rxf5+ Kg7 44. Bf6+ Kh7 45. Bc3 Rdxe7 46. Rff6 Rg7 47. Rxh6+ Kg8 48. Bxg7 Re1+ 49. Kg2 Kxg7 50. Rhd6 Kf7 51. Ra7+ Re7 52. Rxa4 Rc7 53. Kf3 Nc5 54. Rxc4 1-0

[Event "Landesliga Sued 0405"]
[Site "Bayern"]
[Date "2005.01.16"]
[Round "5.8"]
[White "Wolf, Hans Dietrich"]
[Black "Uhlmann, Erik"]
[Result "1/2-1/2"]
[WhiteElo "1946"]
[BlackElo "1985"]
[PlyCount "99"]
[EventDate "2004.10.24"]
[EventType "team-tourn"]
[EventRounds "9"]
[EventCountry "GER"]
[SourceTitle "EXT 2007"]
[Source "ChessBase"]
[SourceDate "2006.11.23"]
[SourceVersion "1"]
[SourceVersionDate "2006.11.23"]
[SourceQuality "1"]
[WhiteTeam "Freising"]
[BlackTeam "Muenchen Schwabing/Nord"]
[WhiteTeamCountry "GER"]
[BlackTeamCountry "GER"]

1. d4 Nf6 2. c4 g6 3. Nc3 d5 4. e3 Bg7 5. cxd5 Nxd5 6. Bc4 Nxc3 7. bxc3 0-0 8. Nf3 c5 9. 0-0 Nc6 10. Qe2 Bg4 11. h3 Bxf3 12. Qxf3 cxd4 13. cxd4 Nxd4 14. exd4 Qxd4 15. Bxf7+ Rxf7 16. Qxb7 Raf8 17. Be3 Qa4 18. Rac1 e6 19. Qb1 Be5 20. Qc2 Qh4 21. Qc4 Qf6 22. Rc2 Qf5 23. Rfc1 Bb8 24. Qd4 Be5 25. Qa4 Bd6 26. Qg4 Qe5 27. g3 Ba3 28. Re1 Qf5 29. Rc6 e5 30. Ra6 Bb2 31. Ra4 Bd4 32. Qxf5 Rxf5 33. Bxd4 exd4 34. f4 Rd5 35. Rd1 d3 36. Rd2 a5 37. Kf2 Kf7 38. Ke3 Rfd8 39. g4 Kf6 40. Re4 R8d7 41. Rc4 h6 42. h4 Re7+ 43. Re4 Red7 44. Re8 Kf7 45. Re5 Rxe5+ 46. fxe5 Ke6 47. Rxd3 Rxd3+ 48. Kxd3 Kxe5 49. Ke3 a4 50. a3 1/2-1/2

[Event "Landesliga Sued 0405"]
[Site "Bayern"]
[Date "2004.12.12"]
[Round "4.7"]
[White "Urban, Michael"]
[Black "Uhlmann, Erik"]
[Result "1-0"]
[WhiteElo "2099"]
[BlackElo "1985"]
[PlyCount "72"]
[EventDate "2004.10.24"]
[EventType "team-tourn"]
[EventRounds "9"]
[EventCountry "GER"]
[SourceTitle "EXT 2007"]
[Source "ChessBase"]
[SourceDate "2006.11.23"]
[SourceVersion "1"]
[SourceVersionDate "2006.11.23"]
[SourceQuality "1"]
[WhiteTeam "Bayern Muenchen II"]
[BlackTeam "Muenchen Schwabing/Nord"]
[WhiteTeamCountry "GER"]
[BlackTeamCountry "GER"]

1. e4 c5 2. Nf3 e6 3. c3 Nc6 4. d4 cxd4 5. cxd4 d5 6. e5 Nge7 7. Bd3 Qb6 8. 0-0 g6 9. Nc3 Nf5 10. Bxf5 gxf5 11. a3 Rg8 12. b4 Rg4 13. Be3 Be7 14. h3 Rg6 15. Na4 Qd8 16. Qd2 Kf8 17. Rfc1 Kg8 18. Nc5 Kh8 19. Kh2 Qg8 20. g3 h5 21. b5 Nb8 22. Nd3 h4 23. Nf4 hxg3+ 24. fxg3 Rg7 25. Nh5 Rh7 26. Nf6 Bxf6 27. exf6 Nd7 28. Bf4 Nb6 29. Bh6 Nc4 30. Qf4 Bd7 31. Bg7+ Rxg7 32. fxg7+ Qxg7 33. a4 a6 34. Ne5 Nxe5 35. dxe5 axb5 36. axb5 Rd8 1-0

[Event "Regionalliga SW 0405"]
[Site "Bayern"]
[Date "2004.10.24"]
[Round "1.2"]
[White "Urankar, Hans Peter"]
[Black "Uhlmann, Erik"]
[Result "1-0"]
[WhiteElo "2147"]
[BlackElo "1985"]
[PlyCount "158"]
[EventDate "2004.10.24"]
[EventType "team-tourn"]
[EventRounds "9"]
[EventCountry "GER"]
[SourceTitle "EXT 2007"]
[Source "ChessBase"]
[SourceDate "2006.11.23"]
[SourceVersion "1"]
[SourceVersionDate "2006.11.23"]
[SourceQuality "1"]
[WhiteTeam "Unterhaching"]
[BlackTeam "Muenchen Schwabing/Nord II"]
[WhiteTeamCountry "GER"]
[BlackTeamCountry "GER"]

1. g3 Nf6 2. Bg2 d5 3. Nf3 g6 4. 0-0 Bg7 5. d3 d4 6. c4 0-0 7. Na3 Nc6 8. Nc2 a5 9. b3 Nd7 10. Ba3 Re8 11. Qd2 e5 12. Rab1 Nf8 13. Rfe1 h6 14. Rbd1 Ra6 15. e3 Ne6 16. exd4 Nexd4 17. Nfxd4 Nxd4 18. Nxd4 exd4 19. Bd5 Rxe1+ 20. Rxe1 Bf8 21. Bxf8 Qxf8 22. c5 c6 23. Bc4 Ra8 24. Qf4 Bh3 25. Qh4 Bd7 26. Qxd4 Re8 27. Re5 Bh3 28. f3 Kh7 29. g4 Rxe5 30. Qxe5 f5 31. gxf5 Bxf5 32. d4 Qd8 33. Qf4 Qe7 34. Kf2 h5 35. h4 Qd8 36. Kg3 Qe7 37. Qe5 Qd7 38. Qd6 Qg7 39. Kf4 Qh6+ 40. Kg3 Qg7 41. Qd8 Bc2 42. Be6 Bb1 43. a3 Ba2 44. a4 Bb1 45. Kf4 Qh6+ 46. Ke5 Qe3+ 47. Kf6 Qf4+ 48. Ke7 Qxh4+ 49. Ke8 Qf4 50. d5 cxd5 51. Bxd5 h4 52. Bxb7 Bf5 53. Qe7+ Kh8 54. Bd5 h3 55. Qd6 Qe3+ 56. Kf7 Qd4 57. Qf6+ Qxf6+ 58. Kxf6 Kh7 59. c6 Kh6 60. c7 h2 61. f4 Kh5 62. Bf3+ Kh4 63. Bc6 Kg3 64. Ke5 Bc8 65. Bd5 Kg4 66. Bc6 Bf5 67. Bb7 Kg3 68. Bc6 Kf2 69. Kd4 Kg1 70. Kc5 h1Q 71. Bxh1 Kxh1 72. b4 axb4 73. Kxb4 Kg2 74. a5 Bc8 75. Kb5 Kf3 76. a6 Kxf4 77. a7 Bb7 78. Kb6 g5 79. Kxb7 g4 1-0

[Event "Oberliga Bayern 0001"]
[Site "Bayern"]
[Date "2000.10.15"]
[Round "1"]
[White "Ossig, Rainer"]
[Black "Uhlmann, Erik"]
[Result "0-1"]
[WhiteElo "2105"]
[BlackElo "1995"]
[PlyCount "72"]
[EventDate "2000.10.15"]
[EventType "team-tourn"]
[EventRounds "9"]
[EventCountry "GER"]
[SourceTitle "EXT 2020"]
[Source "ChessBase"]
[SourceDate "2019.10.17"]
[SourceVersion "1"]
[SourceVersionDate "2019.10.17"]
[SourceQuality "1"]
[WhiteTeam "Haunstetten TSV"]
[BlackTeam "Schwabing SG Nord"]
[WhiteTeamCountry "GER"]
[BlackTeamCountry "GER"]

1. d4 Nf6 2. Nf3 g6 3. Nbd2 d5 4. e3 Bg7 5. Bd3 c5 6. c3 0-0 7. 0-0 Nc6 8. dxc5 Bf5 9. Bxf5 gxf5 10. Nd4 e6 11. b4 Ne5 12. Qe2 Ne4 13. Nxe4 fxe4 14. Qh5 Qe7 15. f4 exf3 16. gxf3 f5 17. Bd2 Rf6 18. Be1 Rh6 19. Nxf5 exf5 20. Qxf5 Rf8 21. Qc2 Nxf3+ 22. Rxf3 Rxf3 23. Bf2 Be5 24. Kg2 Rxf2+ 25. Qxf2 Rxh2+ 26. Kf1 Rxf2+ 27. Kxf2 Qh4+ 28. Kf3 Qe4+ 29. Kf2 h5 30. Rg1+ Kf7 31. Rf1 h4 32. Ke2+ Ke7 33. Rc1 h3 34. c4 dxc4 35. c6 Qg2+ 36. Kd1 h2 0-1

[Event "Oberliga Bayern 9899"]
[Site "Bayern"]
[Date "1998.10.25"]
[Round "2.7"]
[White "Gschwendtner, Michael"]
[Black "Uhlmann, Erik"]
[Result "1-0"]
[WhiteElo "2170"]
[BlackElo "1940"]
[PlyCount "33"]
[EventDate "1998.10.11"]
[EventType "team-tourn"]
[EventRounds "9"]
[EventCountry "GER"]
[SourceTitle "EXT 2020"]
[Source "ChessBase"]
[SourceDate "2019.10.17"]
[SourceVersion "1"]
[SourceVersionDate "2019.10.17"]
[SourceQuality "1"]
[WhiteTeam "Pasing"]
[BlackTeam "Milbertshofen (SG Schwabing)"]
[WhiteTeamCountry "GER"]
[BlackTeamCountry "GER"]

1. d4 Nf6 2. c4 g6 3. Nc3 d5 4. cxd5 Nxd5 5. Bd2 Bg7 6. e4 Nb6 7. Be3 c6 8. Be2 a5 9. h4 h5 10. Nh3 N8d7 11. Ng5 a4 12. Rc1 Nf6 13. e5 Nfd5 14. e6 Bxe6 15. Nxe6 Nxc3 16. Nxg7+ Kf8 17. Ne6+ 1-0

[Event "Oberliga Bayern 9394"]
[Site "Bayern"]
[Date "1994.03.20"]
[Round "7.8"]
[White "Uhlmann, Erik"]
[Black "Kreuzer, Helmut"]
[Result "0-1"]
[WhiteElo "1900"]
[BlackElo "2105"]
[PlyCount "90"]
[EventDate "1993.10.10"]
[EventType "team-tourn"]
[EventRounds "9"]
[EventCountry "GER"]
[SourceTitle "EXT 2020"]
[Source "ChessBase"]
[SourceDate "2019.10.17"]
[SourceVersion "1"]
[SourceVersionDate "2019.10.17"]
[SourceQuality "1"]
[WhiteTeam "Milbertshofen (SG Schwabing)"]
[BlackTeam "Kelheim SC"]
[WhiteTeamCountry "GER"]
[BlackTeamCountry "GER"]

1. e4 e5 2. Nf3 Nc6 3. Bb5 a6 4. Ba4 Nf6 5. 0-0 Nxe4 6. d4 b5 7. Bb3 d5 8. dxe5 Be6 9. c3 Be7 10. Be3 0-0 11. Nbd2 Qd7 12. Bc2 f5 13. exf6 Nxf6 14. Nd4 Nxd4 15. Bxd4 c5 16. Be5 Ng4 17. Bg3 Bd6 18. Ne4 Be7 19. Nd2 Rad8 20. Nf3 Bf5 21. Re1 Bxc2 22. Qxc2 Bf6 23. Rad1 Rfe8 24. h3 Nh6 25. Be5 Bxe5 26. Nxe5 Qf5 27. Qxf5 Nxf5 28. Nd3 Rxe1+ 29. Rxe1 c4 30. Nc5 d4 31. cxd4 Rxd4 32. Re2 Rd1+ 33. Kh2 Nd4 34. Re4 a5 35. Nb7 a4 36. Nd6 Nf3+ 37. gxf3 Rxd6 38. Re5 b4 39. Rc5 Rd2 40. Kg2 Rxb2 41. Rxc4 a3 42. f4 Kf7 43. Re4 Rb1 44. Re5 b3 45. axb3 a2 0-1